Le Père et l'Enfant : À l’épreuve de la séparation (notice n° 1512001)
[ vue normale ]
| 000 -LEADER | |
|---|---|
| fixed length control field | 01883cam a2200145 4500500 |
| 005 - DATE AND TIME OF LATEST TRANSACTION | |
| control field | 20251012001015.0 |
| 041 ## - LANGUAGE CODE | |
| Language code of text/sound track or separate title | fre |
| 042 ## - AUTHENTICATION CODE | |
| Authentication code | dc |
| 100 10 - MAIN ENTRY--PERSONAL NAME | |
| Personal name | Le Camus, Jean |
| Relator term | author |
| 245 00 - TITLE STATEMENT | |
| Title | Le Père et l'Enfant : À l’épreuve de la séparation |
| 260 ## - PUBLICATION, DISTRIBUTION, ETC. | |
| Name of publisher, distributor, etc. | Odile Jacob,<br/> |
| Date of publication, distribution, etc. | 2009.<br/> |
| 520 ## - SUMMARY, ETC. | |
| Summary, etc. | Pour toute une génération d'enfants, le divorce ou la séparation des parents se traduit souvent, dans les faits, par la relégation du père à un rôle secondaire, quand ce n'est pas son éviction complète de presque tous les domaines. Pourquoi ? Quelles sont les raisons historiques, sociales ou juridiques qui, dans notre pays, font qu'un enfant sur trois environ ne voit … Pour toute une génération d'enfants, le divorce ou la séparation des parents se traduit souvent, dans les faits, par la relégation du père à un rôle secondaire, quand ce n'est pas son éviction complète de presque tous les domaines. Pourquoi ? Quelles sont les raisons historiques, sociales ou juridiques qui, dans notre pays, font qu'un enfant sur trois environ ne voit plus son père après une rupture? Que dit la loi et que peut le droit ? Plus largement, que sait-on de l'impact de la séparation sur le développement de tous les enfants qui la subissent ? Forts de leur expérience respective, s'appuyant sur les études les plus récentes sur le sujet, Jean Le Camus et Michèle Laborde nous montrent ici que non seulement les enfants de la séparation ont besoin de leurs deux parents, mais qu'il est possible, concrètement, moyennant quelques mesures précises et une certaine évolution des mentalités, d'atténuer les difficultés, parfois les draines, qui surviennent à l'occasion d'une rupture parentale. |
| 700 10 - ADDED ENTRY--PERSONAL NAME | |
| Personal name | Laborde-Barbanègre, Michèle |
| Relator term | author |
| 856 41 - ELECTRONIC LOCATION AND ACCESS | |
| Uniform Resource Identifier | <a href="https://shs.cairn.info/le-pere-et-l-enfant--9782738121547?lang=fr&redirect-ssocas=7080">https://shs.cairn.info/le-pere-et-l-enfant--9782738121547?lang=fr&redirect-ssocas=7080</a> |
Pas d'exemplaire disponible.




Réseaux sociaux